الغرامة المالية في الحدود و الجنايات على النفس البشرية وما دونها في الفقه الإسلامي / (رقم التسجيلة. 108395)

تفاصيل مارك
000 -الفاتح
عناصر البيانات ثابتة الطول 00861cam a2200205 i 4500
005 - تاريخ ووقت آخر معاملة
حقل ضبط 20251214114158.0
008 - عناصر البيانات ثابتة الطول
عناصر البيانات ثابتة الطول 250721s2006 le gr 000 0 ara d
082 14 - رقم تصنيف ديوي العشري
رقم التصنيف 216.796
رقم المادة ج م ي
100 1# - مدخل رئيسي – اسم شخصي
الاسم الشخصي الجميلي، محسن عبد فرحان صالح
علاقة الشخص بالعمل/ دوره مؤلف.
245 12 - بيان العنوان
العنوان الغرامة المالية في الحدود و الجنايات على النفس البشرية وما دونها في الفقه الإسلامي /
بيان المسؤولية تأليف الدكتور محسن عبد فرحان صالح الجميلي.
250 ## - بيان الطبعة
بيان الطبعة الطبعة الأولى.
264 31 - بيانات النشر، التوزيع…إلخ
مكان النشر، التوزيع...إلخ بيروت :
اسم الناشر، الموزع...إلخ دار الكتب العلمية،
تاريخ النشر، التوزيع...إلخ 2006.
300 ## - الوصف المادي
عدد الوحدات المكونة للوعاء 351 صفحة.
650 17 - مدخل إضافي بالموضوع - مصطلح موضوعي
مصطلح موضوعي أو اسم جغرافي كعنصر مدخل الفقه الإسلامي
650 17 - مدخل إضافي بالموضوع - مصطلح موضوعي
مصطلح موضوعي أو اسم جغرافي كعنصر مدخل الحدود (شريعة).
650 17 - مدخل إضافي بالموضوع - مصطلح موضوعي
مصطلح موضوعي أو اسم جغرافي كعنصر مدخل العقوبات.
650 17 - مدخل إضافي بالموضوع - مصطلح موضوعي
مصطلح موضوعي أو اسم جغرافي كعنصر مدخل الدية.
942 ## - بيانات إضافية (كوها)
نوع التنصيف Dewey Decimal Classification
نوع المادة (كوها) كتب
المقتنيات
حالة السحب حالة الفقدان مصدر التصنيف حالة التلف غير قابل للإعارة المكتبة الرئيسية المكتبة الحالية موقع الرف تاريخ التزويد الرقم المتسلسل Total Checkouts رقم الإستدعاء الباركود تاريخ آخر ظهور تاريخ الفاتورة نوع المادة (كوها)
    Dewey Decimal Classification     المكتبة المركزية المكتبة المركزية الإعارة 28/07/2025 1126276   216.796 / ج م ي 1126276 28/07/2025 28/07/2025 كتب
Implemented & Customized by: BBB with SCIT (Smart Chains for Information Technology)

Powered by Koha